Ruská federácia a jej reflexia afganskej otázky po roku 2014
Radikálne zníženie americkej vojenskej prítomnosti a zníženie preferencie silového riešenia afganskej problematiky spôsobilo staronové súťaženie o vplyv v regióne Strednej Ázie. Vtiahlo do riešenia afganskej otázky aj iné štáty a mocnosti, predovšetkým Rusko a Čínu a rovnako aj krajiny, ktoré sa nac...
Salvato in:
| Autore principale: | |
|---|---|
| Natura: | Capitolo di libro |
| Lingua: | slovacco |
| Soggetti: | |
| Tags: |
Nessun Tag, puoi essere il primo ad aggiungerne!!
|
MARC
| LEADER | 00000nla a2200000 4500 | ||
|---|---|---|---|
| 001 | 0199029 | ||
| 005 | 20240502073349.4 | ||
| 041 | 0 | |a slo | |
| 044 | |a SK | ||
| 245 | 1 | 0 | |a Ruská federácia a jej reflexia afganskej otázky po roku 2014 |c Ľubomír Čech |
| 520 | |a Radikálne zníženie americkej vojenskej prítomnosti a zníženie preferencie silového riešenia afganskej problematiky spôsobilo staronové súťaženie o vplyv v regióne Strednej Ázie. Vtiahlo do riešenia afganskej otázky aj iné štáty a mocnosti, predovšetkým Rusko a Čínu a rovnako aj krajiny, ktoré sa nachádzajú v blízkom susedstve s Afganistanom - Pakistan, Irán, Indiu, krajiny postsovietskej Strednej Ázie a Perzského zálivu. Príspevok má ambíciu posúdiť vyššie uvedené skutočnosti z pohľadu Ruskej federácie v strednodobej časovej perspektíve, reflektujúc ruské (sovietske) skúsenosti s Afganistanom, jeho súčasné záujmy v krajine a zhoršujúce sa vzťahy Ruska a Západu po udalostiach na Ukrajine v roku 2014. | ||
| 610 | 2 | 0 | |a Afganistan |
| 610 | 2 | 0 | |a situácia politická |
| 610 | 2 | 0 | |a USA |
| 610 | 2 | 0 | |a Rusko |
| 610 | 2 | 0 | |a vzťahy politické medzinárodné |
| 100 | 1 | |a Čech, Ľubomír, 1955- | |